<?xml version="1.0" encoding="UTF-8"?>
<record
    xmlns:xsi="http://www.w3.org/2001/XMLSchema-instance"
    xsi:schemaLocation="http://www.loc.gov/MARC21/slim http://www.loc.gov/standards/marcxml/schema/MARC21slim.xsd"
    xmlns="http://www.loc.gov/MARC21/slim">

  <leader>01546nam a22004215a 4500</leader>
  <datafield tag="999" ind1=" " ind2=" ">
    <subfield code="c">23255</subfield>
    <subfield code="d">23255</subfield>
  </datafield>
  <controlfield tag="001">vtls010476428</controlfield>
  <controlfield tag="005">20220615112901.0</controlfield>
  <controlfield tag="008">150827s2009    xo            000 0 slo  </controlfield>
  <datafield tag="020" ind1=" " ind2=" ">
    <subfield code="a">9788055500287 (bro&#x17E;.)</subfield>
  </datafield>
  <datafield tag="035" ind1=" " ind2=" ">
    <subfield code="a">44810B65-AE08-4430-B418-FA4DBB80EB3C</subfield>
  </datafield>
  <datafield tag="035" ind1=" " ind2=" ">
    <subfield code="a">urn:nbn:sk:snk-amjm9x</subfield>
  </datafield>
  <datafield tag="035" ind1=" " ind2=" ">
    <subfield code="a">urn:nbn:sk:snk-am001o3i</subfield>
  </datafield>
  <datafield tag="040" ind1=" " ind2=" ">
    <subfield code="a">SNK</subfield>
    <subfield code="b">slo</subfield>
    <subfield code="c">SNK</subfield>
    <subfield code="e">AACR2</subfield>
  </datafield>
  <datafield tag="041" ind1="0" ind2=" ">
    <subfield code="a">slo</subfield>
  </datafield>
  <datafield tag="044" ind1=" " ind2=" ">
    <subfield code="a">xo</subfield>
    <subfield code="c">SK</subfield>
  </datafield>
  <datafield tag="072" ind1=" " ind2="7">
    <subfield code="a">004</subfield>
    <subfield code="x">Po&#x10D;&#xED;ta&#x10D;ov&#xE1; veda. V&#xFD;po&#x10D;tov&#xE1; technika. Informa&#x10D;n&#xE9; technol&#xF3;gie</subfield>
    <subfield code="2">konspekt</subfield>
  </datafield>
  <datafield tag="072" ind1=" " ind2="7">
    <subfield code="a">005</subfield>
    <subfield code="x">Mana&#x17E;ment. Riadenie</subfield>
    <subfield code="2">konspekt</subfield>
  </datafield>
  <datafield tag="072" ind1=" " ind2="7">
    <subfield code="a">37.016</subfield>
    <subfield code="x">U&#x10D;ebn&#xE9; osnovy. Vyu&#x10D;ovacie predmety. U&#x10D;ebnice</subfield>
    <subfield code="2">konspekt</subfield>
    <subfield code="2">konspekt</subfield>
  </datafield>
  <datafield tag="080" ind1=" " ind2=" ">
    <subfield code="a">004</subfield>
    <subfield code="2">2001</subfield>
  </datafield>
  <datafield tag="080" ind1=" " ind2=" ">
    <subfield code="a">005</subfield>
    <subfield code="2">2001</subfield>
  </datafield>
  <datafield tag="080" ind1=" " ind2=" ">
    <subfield code="a">(075.8)</subfield>
    <subfield code="2">2001</subfield>
  </datafield>
  <datafield tag="100" ind1="1" ind2=" ">
    <subfield code="a">Rov&#x148;&#xE1;k, Martin</subfield>
    <subfield code="9">3082</subfield>
  </datafield>
  <datafield tag="245" ind1="1" ind2="0">
    <subfield code="a">Z&#xE1;klady mana&#x17E;&#xE9;rskej informatiky</subfield>
    <subfield code="c">Martin Rov&#x148;&#xE1;k</subfield>
  </datafield>
  <datafield tag="250" ind1=" " ind2=" ">
    <subfield code="a">1. vyd.</subfield>
  </datafield>
  <datafield tag="260" ind1=" " ind2=" ">
    <subfield code="a">Pre&#x161;ov</subfield>
    <subfield code="b">Pre&#x161;ovsk&#xE1; univerzita, Fakulta mana&#x17E;mentu</subfield>
    <subfield code="c">2009</subfield>
  </datafield>
  <datafield tag="300" ind1=" " ind2=" ">
    <subfield code="a">70 s.</subfield>
    <subfield code="b">fotogr., obr., tab.</subfield>
    <subfield code="c">24 cm</subfield>
  </datafield>
  <datafield tag="650" ind1="0" ind2="7">
    <subfield code="a">mana&#x17E;ment</subfield>
    <subfield code="2">SNKPH</subfield>
    <subfield code="9">3083</subfield>
  </datafield>
  <datafield tag="650" ind1="0" ind2="7">
    <subfield code="a">informatika</subfield>
    <subfield code="2">SNKPH</subfield>
    <subfield code="9">3084</subfield>
  </datafield>
  <datafield tag="650" ind1="0" ind2="7">
    <subfield code="a">v&#xFD;po&#x10D;tov&#xE1; technika</subfield>
    <subfield code="2">SNKPH</subfield>
    <subfield code="9">3085</subfield>
  </datafield>
  <datafield tag="650" ind1="0" ind2="7">
    <subfield code="a">informa&#x10D;n&#xE9; a komunika&#x10D;n&#xE9; technol&#xF3;gie</subfield>
    <subfield code="2">SNKPH</subfield>
    <subfield code="9">3086</subfield>
  </datafield>
  <datafield tag="650" ind1="0" ind2="7">
    <subfield code="a">Management</subfield>
    <subfield code="2">SNKPHeng</subfield>
    <subfield code="9">3087</subfield>
  </datafield>
  <datafield tag="650" ind1="0" ind2="7">
    <subfield code="a">Information science</subfield>
    <subfield code="2">SNKPHeng</subfield>
    <subfield code="9">3088</subfield>
  </datafield>
  <datafield tag="650" ind1="0" ind2="7">
    <subfield code="a">Computer technology</subfield>
    <subfield code="2">SNKPHeng</subfield>
    <subfield code="9">3089</subfield>
  </datafield>
  <datafield tag="650" ind1="0" ind2="7">
    <subfield code="a">Information and communication technology</subfield>
    <subfield code="2">SNKPHeng</subfield>
    <subfield code="9">3090</subfield>
  </datafield>
  <datafield tag="655" ind1=" " ind2="7">
    <subfield code="a">u&#x10D;ebnice vysok&#xFD;ch &#x161;k&#xF4;l</subfield>
    <subfield code="2">SNKPH</subfield>
    <subfield code="9">3091</subfield>
  </datafield>
  <datafield tag="655" ind1=" " ind2="7">
    <subfield code="a">Textbooks (higher)</subfield>
    <subfield code="2">SNKPHeng</subfield>
    <subfield code="9">3092</subfield>
  </datafield>
  <datafield tag="958" ind1=" " ind2=" ">
    <subfield code="a">NB</subfield>
  </datafield>
  <datafield tag="952" ind1=" " ind2=" ">
    <subfield code="0">0</subfield>
    <subfield code="1">0</subfield>
    <subfield code="2">udc</subfield>
    <subfield code="4">0</subfield>
    <subfield code="7">0</subfield>
    <subfield code="8">D</subfield>
    <subfield code="a">10000</subfield>
    <subfield code="b">10000</subfield>
    <subfield code="d">2022-06-15</subfield>
    <subfield code="i">21588</subfield>
    <subfield code="l">2</subfield>
    <subfield code="o">S1515</subfield>
    <subfield code="p">S1515</subfield>
    <subfield code="r">2023-05-02</subfield>
    <subfield code="s">2023-04-12</subfield>
    <subfield code="w">2022-06-15</subfield>
    <subfield code="y">OLDO</subfield>
  </datafield>
</record>
